| 000 | 00583nam a2200193 a 4500 | ||
|---|---|---|---|
| 005 | 20231024063643.0 | ||
| 008 | 991125n19 mx 000 0 spa u | ||
| 035 | _aUPN01000041530 | ||
| 049 | _aLT | ||
| 050 | 4 |
_aLB1589 M6.3 _bR6.6 |
|
| 100 | 1 | _aRozán, José E. | |
| 245 | 1 | 0 |
_aNociones de geometría práctica : _bpara 3o. y 4o. años de enseñanza primaria / _cJosé E. Rozán |
| 260 |
_aMéxico : _bProgreso, _c19-- |
||
| 300 |
_a60 p. : _bil. |
||
| 650 | 4 |
_aGeometría _xEstudio y enseñanza (Elemental) _94869 |
|
| 904 |
_aAC _b041532 |
||
| 905 | _aLibro | ||
| 999 |
_c41530 _d41530 |
||